000 00706nam a22001697a 4500
999 _c61539
_d61539
005 20240322111512.0
008 240322c1998 ge ||||| |||| 00| 0 geo d
022 _a1512-1283
041 _ageo
245 _aლიტერატურა და ხელოვნება :
_cმთავარი რედაქტორი სოლიკო ცაიშვილი.
_b1998 /
260 _aთბილისი,
_c1990-
300 _aV.
653 _aლიტერატურა და ხელოვნება
653 _aპერიოდიკა
700 _aცაიშვილი, სოლიკო
_eმთავარი რედაქტორი
_921546
942 _2udc
_cCR